000 02013nam a2200301 a 4500
008 150420s2011 ||||||||||||||||| || u
020 _a9780857020413
050 _aHD 31 Cle
100 _aKornberger, Martin
245 1 0 _aManaging and organizations: an introduction to theory and practice. (3rd ed)
_cBy Stewart Clegg, Martin Kornberger [and] Tyrone Pitsis
250 _a3rd ed.
260 _aLos Angeles
_bSAGE Publications
_c2011
300 _axxix, 682p.: ill.
350 _a80.00
650 _aIndustrial organization
650 _aORGANIZATIONAL BEHAVIOUR
650 0 _aMANAGEMENT
700 _aClegg, Stewart
700 _aPitsis, Tyrone
995 _aANNEX COLLECTION (Main Library)
_e746498
_FCBU-MAIN LIBRARY (Kitwe)
_I80.00
_jHD 31 Cle
_M8
_UAVAILABLE
_WMay 5, 2016
_y746498
_ZAnnex Low-Usage Collection
995 _aMAIN LIBRARY OPEN ACCESS
_e746496
_FCBU-MAIN LIBRARY (Kitwe)
_I80.00
_jHD 31 Cle
_M6
_UAVAILABLE
_WMay 5, 2016
_y746496
_ZMain Library Open Access Collection
995 _aANNEX COLLECTION (Main Library)
_e746497
_FCBU-MAIN LIBRARY (Kitwe)
_I80.00
_jHD 31 Cle
_M7
_UAVAILABLE
_WMay 5, 2016
_y746497
_ZAnnex Low-Usage Collection
995 _aANNEX COLLECTION (Main Library)
_e745376
_FCBU-MAIN LIBRARY (Kitwe)
_I80.00
_jHD 31 Cle
_M3
_UAVAILABLE
_WMay 14, 2015
_y745376
_ZAnnex Low-Usage Collection
995 _aMAIN LIBRARY OPEN ACCESS
_e745102
_FCBU-MAIN LIBRARY (Kitwe)
_I80.00
_jHD 31 Cle
_M2
_UAVAILABLE
_WApr 28, 2015
_y745102
_ZMain Library Open Access Collection
995 _aANNEX COLLECTION (Main Library)
_e745101
_FCBU-MAIN LIBRARY (Kitwe)
_I80.00
_jHD 31 Cle
_M1
_UAVAILABLE
_WApr 28, 2015
_y745101
_ZAnnex Low-Usage Collection
995 _aMEDICAL LIBRARY OPEN ACCESS
_e745507
_FCBU-SCHOOL OF MEDICINE LIBRARY (Ndola)
_I80.00
_jHD 31 Cle
_M4
_UAVAILABLE
_WJun 22, 2015
_y745507
_ZMedical Library Open Access Collection
995 _aMEDICAL LIBRARY OPEN ACCESS
_e745508
_FCBU-SCHOOL OF MEDICINE LIBRARY (Ndola)
_I80.00
_jHD 31 Cle
_M5
_UAVAILABLE
_WJun 22, 2015
_y745508
_ZMedical Library Open Access Collection
999 _c82537
_d82537